eBusiness and workplace redesign (Record no. 101519)

MARC details
000 -LEADER
fixed length control field 00887cam a2200253 4500
008 - FIXED-LENGTH DATA ELEMENTS--GENERAL INFORMATION
fixed length control field 000000n2001 000 0 eng u
020 ## - INTERNATIONAL STANDARD BOOK NUMBER
International Standard Book Number 0415248884
035 ## - SYSTEM CONTROL NUMBER
System control number (Sirsi) u113299
050 ## - LIBRARY OF CONGRESS CALL NUMBER
Classification number 658.05
100 ## - MAIN ENTRY--PERSONAL NAME
Personal name Jackson, P.
-- Editor
245 ## - TITLE STATEMENT
Title eBusiness and workplace redesign
260 ## - PUBLICATION, DISTRIBUTION, ETC.
Place of publication, distribution, etc. London
Name of publisher, distributor, etc. Routledge
Date of publication, distribution, etc. 2001
300 ## - PHYSICAL DESCRIPTION
Extent xviii,178p.
Dimensions 25cm.
350 ## - PRICE (NR) (BK AM CF MU VM SE) [OBSOLETE]
Price 21.99
520 ## - SUMMARY, ETC.
Summary, etc. The editors and contributors of this text have drawn upon their international and multidisciplinary experience to demonstrate how workplaces and workloads can be planned and managed more effectively thorough the use of the new technologies, including the Internet.
650 ## - SUBJECT ADDED ENTRY--TOPICAL TERM
Topical term or geographic name entry element E-COMMERCE
650 ## - SUBJECT ADDED ENTRY--TOPICAL TERM
Topical term or geographic name entry element INTERNET
650 ## - SUBJECT ADDED ENTRY--TOPICAL TERM
Topical term or geographic name entry element OFFICE LAYOUT
650 ## - SUBJECT ADDED ENTRY--TOPICAL TERM
Topical term or geographic name entry element WORKLOADS
650 ## - SUBJECT ADDED ENTRY--TOPICAL TERM
Topical term or geographic name entry element WORKPLACE DESIGN
690 ## - LOCAL SUBJECT ADDED ENTRY--TOPICAL TERM (OCLC, RLIN)
Topical term or geographic name as entry element MANAGEMENT-BUSINESS MANAGEMENT
700 ## - ADDED ENTRY--PERSONAL NAME
Personal name Suomi, R.
942 ## - ADDED ENTRY ELEMENTS (KOHA)
Suppress in OPAC 0
Holdings
Withdrawn status Lost status Source of classification or shelving scheme Damaged status Not for loan Home library Current library Shelving location Date acquired Cost, normal purchase price Total Checkouts Full call number Barcode Date last seen Date last checked out Copy number Cost, replacement price Price effective from Koha item type
    Dewey Decimal Classification     London London Books 15/10/2001 18.69 9 658.05 JAC 30064981 06/08/2019 04/08/2003 1 18.69 06/08/2019 Book